| 000 | 01312nam a22003254a 4500 | ||
|---|---|---|---|
| 001 | ebr10002105 | ||
| 003 | CaPaEBR | ||
| 006 | m u | ||
| 007 | cr cn||||||||| | ||
| 008 | 000920s2000 cau sb 000 0 eng | ||
| 010 | _z 00045832 | ||
| 020 | _z0833029150 (pbk.) | ||
| 040 |
_aCaPaEBR _cCaPaEBR |
||
| 035 | _a(OCoLC)70763921 | ||
| 050 | 1 | 4 |
_aHV5825 _b.I5353 2000eb |
| 082 | 0 | 4 |
_a353.3/7 _221 |
| 245 | 0 | 0 |
_aImproving anti-drug budgeting _h[electronic resource] / _cPatrick Murphy ... [et al.]. |
| 260 |
_aSanta Monica, CA : _bRand, _c2000. |
||
| 300 | _axxii, 119 p. | ||
| 500 | _a"MR-1262-ONDCP/NSF." | ||
| 504 | _aIncludes bibliographical references (p. 115-119). | ||
| 533 |
_aElectronic reproduction. _bPalo Alto, Calif. : _cebrary, _d2013. _nAvailable via World Wide Web. _nAccess may be limited to ebrary affiliated libraries. |
||
| 610 | 1 | 0 |
_aUnited States. _bOffice of National Drug Control Policy _xAppropriations and expenditures. |
| 650 | 0 |
_aDrug control _zUnited States _xFinance. |
|
| 650 | 0 |
_aDrug abuse _zUnited States _xPrevention _xFinance. |
|
| 655 | 7 |
_aElectronic books. _2local |
|
| 700 | 1 | _aMurphy, Patrick. | |
| 710 | 2 | _aebrary, Inc. | |
| 856 | 4 | 0 |
_uhttp://site.ebrary.com/lib/rucke/Doc?id=10002105 _zAn electronic book accessible through the World Wide Web; click to view |
| 999 |
_c5366 _d5366 |
||